• 首页
  • 本馆介绍
  • 公告通知
  • 最新文献
  • 馆藏检索
  • 电子资源
  • 读者导购
  • 参考咨询
  • 我的图书馆
  • 登录
  • 详细信息显示
  • 放入我的书架
  • 预约/预借图书
  • 作者相关作品
  • 分类相关作品
  • 丛书相关作品
  • 出版社相关作品

书目信息

  • 表格格式
  • 工作单格式
  • 卡片格式
题名:
历史主义贫困论
    
 
作者: 波珀 , Popper 著 ;何林 , 赵平 译
分册:  
出版信息: 北京   中国社会科学出版社  1998
页数: 183页
开本: 20cm
丛书名: 西方现代思想丛书
单 册:
中图分类: K01 , K03
科图分类:
主题词: 史学理论 , 历史哲学--研究 , 历史哲学 , 历史主义--研究 , 历史主义
电子资源:
ISBN: 978-7-5004-2418-5
000 01140nam2 2200373 450
001 523
005 20140910105300.59
010    @a978-7-5004-2418-5@dCNY18.00
100    @a20021005d1998 kemy0chiy0110 ea
101 1  @achi@ceng
102    @aCN@b110000
105    @ay z 000yy
106    @ar
200 1  @a历史主义贫困论@ALi Shi Zhu Yi Pin Kun Lun@f(英)卡尔·波普尔(Karl Raimund Popper)著@F( Ying ) Ka Er· Bo Pu Er (Karl Raimund Popper) Zhu@g何林,赵平译
210    @a北京@c中国社会科学出版社@d1998
215    @a183页@d20cm
225 2  @a西方现代思想丛书@v7
300    @a据英国伦敦罗特列杰与基根·保罗公司1984年版译出
304    @a著者通译:K.R.波珀
461  0 @12001@@a西方现代思想丛书
510 1  @aThe poverty of historicism@zeng
606 0  @a史学理论
606 0  @a历史哲学@x研究
606 0  @a历史哲学
606 0  @a历史主义@x研究
606 0  @a历史主义
690    @aK01@v5
690    @aK03@v5
701  1 @a波珀@ABo Po@bK.R.@4著
701  1 @aPopper@bKarl Raimund@4著
702  0 @a何林@AHe Lin@4译
702  0 @a赵平@AZhao Ping@4译
801  0 @aCN@bTANGWEI@c20140603
905    @b0839623-25@dK01@e85@f3
    
    历史主义贫困论/(英)卡尔·波普尔(Karl Raimund Popper)著/何林,赵平译.-北京:中国社会科学出版社,1998
    183页;20cm.-(西方现代思想丛书;7)
    据英国伦敦罗特列杰与基根·保罗公司1984年版译出
    
    ISBN 978-7-5004-2418-5:CNY18.00
    
●
相关链接 在E读中查询图书 在五车中查询图书 在当当中查询图书 在豆瓣中查询图书


正题名:历史主义贫困论     索取号:K01/85         预约/预借

序号 登录号 条形码 馆藏地/架位号 状态 备注
1 0839623   208396234   第二样本阅览室/ [索取号:K01/85] 在馆    
2 0839624   208396243   第二借阅区/ [索取号:K01/85] 在馆    
3 0839625   208396252   第二借阅区/ [索取号:K01/85] 在馆    
唐山师范学院图书馆 欢迎您!
大连网信软件有限公司© 版权所有